Lighting handbook: reference and application

Сохранить в:
Библиографические подробности
Главный автор: Rea, Marks S (Автор)
Формат:
Язык:английский
Опубликовано: Nueva York Illuminating Engineering Society of North America 1993
Редактирование:8a. ed
Предметы:
Метки: Добавить метку
Нет меток, Требуется 1-ая метка записи!

MARC

LEADER 00000nam a2200000 a 4500
001 UCX8203
003 CL-VaPUC
008 940314e19930000US |||||||||||||||||eng|d
082 0 4 |a 621.32  |b REA  |2 21 
100 0 |a Rea, Marks S  |e author  |9 325272 
245 1 0 |a Lighting handbook: reference and application 
250 |a 8a. ed 
300 |a 989 p 
942 |c BK 
945 |d 19940314 00:00:00  |a mfernand 
260 |a Nueva York  |b Illuminating Engineering Society of North America  |c 1993 
650 0 |a Alumbrado eléctrico  |9 263425 
650 7 |a ILUMINACION INTERIOR  |2 CL-VaPUC  |9 325273 
583 |a last modification  |c 19940314 00:00:00  |k Rodrigo Vera 
999 |c 227786  |d 227784 
952 |0 0  |1 0  |4 0  |6 621_320000000000000_REA_1993  |7 0  |8 F  |9 227016  |a BIBING  |b BIBING  |d 2019-11-15  |i 296211K  |o 621.32 REA 1993  |p 296211K  |r 2025-01-20  |w 2019-11-15  |y BK_F  |k EIE